Statystyki dla Państwa śródlądowe

Kliknij tutaj aby rozwiązać quiz!

Ogólne statystyki

  • Ten quiz został rozwiązany 59 razy
  • Średni wynik to 36 z 45

Statystyki odpowiedzi

KontynentPaństwo% Poprawnych
Ameryka PołudniowaBoliwia
96%
Ameryka PołudniowaParagwaj
96%
EuropaSan Marino
94%
EuropaAndora
92%
EuropaAustria
92%
EuropaBiałoruś
92%
EuropaSłowacja
92%
EuropaCzechy
90%
EuropaLiechtenstein
90%
EuropaLuksemburg
90%
EuropaWęgry
90%
AfrykaCzad
88%
EuropaKosowo
88%
AzjaNepal
88%
AzjaUzbekistan
88%
EuropaWatykan
88%
EuropaSerbia
86%
EuropaSzwajcaria
86%
AzjaTadżykistan
86%
AzjaKirgistan
84%
AzjaMongolia
84%
AfrykaNiger
84%
AzjaTurkmenistan
84%
AzjaBhutan
82%
AfrykaLesotho
82%
EuropaMacedonia Północna
80%
AfrykaSudan Południowy
78%
AzjaArmenia
76%
AzjaAfganistan
75%
AzjaKazachstan
75%
AzjaLaos
75%
EuropaMołdawia
75%
AfrykaMali
73%
AfrykaEtiopia
71%
AfrykaRepublika Środkowoafrykańska
71%
AfrykaZimbabwe
71%
AfrykaZambia
69%
AfrykaBotswana
67%
AfrykaRwanda
65%
AzjaAzerbejdżan
63%
AfrykaBurkina Faso
63%
AfrykaEswatini
61%
AfrykaUganda
61%
AfrykaBurundi
59%
AfrykaMalawi
57%

Rozkład punktacji

Percentyl według liczby udzielonych odpowiedzi

Procent ludzi z każdym wynikiem

Twoja historia wyników

Nie rozwiązałeś tego quizu